Hauptstadt, Land, Fluss - Welt - Statistiken

Allgemein
  • Dieses Quiz wurde 524 mal gespielt
  • Das Durchschnittsergebnis liegt bei 31 aus 62
Antwortstatistiken
% Korrekt
Australien
90%
Bangkok
84%
China
78%
Amazonas
77%
Ankara
76%
Brasilien
76%
Deutschland
74%
Donau
71%
Frankreich
71%
Indien
70%
Kanada
70%
Lima
69%
Mexiko
69%
Niger
69%
Moskau
68%
Nil
68%
Peking
68%
Saudi-Arabien
68%
Peru
66%
Russland
66%
Vereinigte Staaten
66%
Jemen
65%
Tschad
63%
Ukraine
63%
Gabun
58%
Kairo
58%
Oman
58%
Tokio
58%
Riad
56%
Libyen
55%
Mekong
53%
Wolga
52%
Elfenbeinküste
51%
Wien
51%
Weißrussland
49%
Seoul
47%
Kongo
46%
Jakarta
45%
Ganges
44%
Hanoi
44%
Zentralafrikanische Republik
44%
Caracas
42%
Quito
42%
Dhaka
39%
Nairobi
37%
Ob
36%
Jangtsekiang
34%
Ulan Bator
34%
Lena
33%
Sambesi
29%
Indus
27%
Euphrat
23%
Freetown
21%
Guatemala-Stadt
18%
Rio Grande
16%
Ural
15%
Yaounde
15%
Brazos River
12%
Colorado River
11%
Parana
10%
Yukon River
7%
Tarim
1%
Keine übereinstimmenden Quizze gefunden
Verteilung der Resultate
Anzahl Personen mit jedem Resultat
Perzentil nach korrekt beantworteten Fragen
Ihre Resultats-Entwicklung
Sie haben dieses Quiz noch nicht gespielt